[Event "OSEM 2019"]
[Site "Oberviechtach"]
[Date "2019.04.13"]
[Round "1.10"]
[White "Heipeck, Jan"]
[Black "Wiesgickl, Gerhard"]
[Result "1/2-1/2"]
[WhiteElo "1495"]
[BlackElo "1919"]
[PlyCount "37"]
[EventDate "2019.??.??"]
[WhiteTeam "FC Mintraching"]
[BlackTeam "DJK Amberg"]

1. e4 c5 2. Nc3 Nc6 3. Nf3 d6 4. g3 g6 5. Bg2 Bg7 6. O-O e6 7. Re1 Nge7 8. d3
O-O 9. Be3 Rb8 10. d4 cxd4 11. Nxd4 a6 12. f4 Qc7 13. Qd2 b5 14. a3 Bb7 15.
Rad1 Rfd8 16. Qf2 Nxd4 17. Bxd4 Bxd4 18. Qxd4 Qc5 19. Re3 1/2-1/2

[Event "OSEM 2019"]
[Site "Oberviechtach"]
[Date "2019.04.13"]
[Round "1.11"]
[White "Riedl, Maximilian"]
[Black "Bauer, Peter"]
[Result "1/2-1/2"]
[WhiteElo "1907"]
[BlackElo "1595"]
[PlyCount "104"]
[EventDate "2019.??.??"]
[WhiteTeam "SC Furth Waldmünchen"]
[BlackTeam "SV OVI"]

1. d4 d5 2. Nf3 Nf6 3. Bg5 e6 4. Nbd2 Be7 5. e3 h6 6. Bh4 Ne4 7. Bxe7 Qxe7 8.
Bd3 Nxd2 9. Qxd2 Nc6 10. c3 e5 11. dxe5 Nxe5 12. Be2 Nxf3+ 13. Bxf3 c6 14.
O-O-O Bf5 15. Qd4 O-O 16. g4 Bh7 17. h4 f6 18. Rhe1 Qe5 19. Rd2 Qxd4 20. Rxd4
Rae8 21. Kd2 Be4 22. Bxe4 Rxe4 23. f3 Rxd4+ 24. cxd4 f5 25. g5 hxg5 26. hxg5
Kf7 27. Rh1 Kg6 28. f4 Re8 29. Rh3 Kf7 30. Kd3 Ke6 31. Rh7 Kf7 32. Rh2 Ke6 33.
b4 a6 34. a4 Ra8 35. Rb2 b5 36. Ra2 Kd6 37. Ra1 Rg8 38. axb5 axb5 39. Ra7 g6
40. Rf7 Ke6 41. Rf6+ Kd7 42. Kd2 Kc7 43. Rf7+ Kd6 44. Ke2 Ke6 45. Rf6+ Kd7 46.
Kf3 Kc7 47. Rf7+ Kd6 48. Rh7 Ke6 49. Kg3 Kd6 50. Rf7 Ke6 51. Rf6+ Kd7 52. Kf3
Kc7 1/2-1/2

[Event "OSEM 2019"]
[Site "Oberviechtach"]
[Date "2019.04.13"]
[Round "1.12"]
[White "Achhammer, Michael"]
[Black "Brüll, Elias"]
[Result "1/2-1/2"]
[WhiteElo "1580"]
[BlackElo "1815"]
[PlyCount "65"]
[EventDate "2019.??.??"]
[WhiteTeam "FC Mintraching"]
[BlackTeam "SC Bavaria Regensburg von 1881"]

1. e4 c5 2. c3 g6 3. Nf3 Bg7 4. Bc4 e6 5. d4 cxd4 6. cxd4 d5 7. Bb5+ Bd7 8.
Bxd7+ Qxd7 9. e5 Nc6 10. Nc3 Nge7 11. Qb3 O-O 12. O-O Nf5 13. Be3 f6 14. exf6
Bxf6 15. Ne2 Rac8 16. Qa4 Rc7 17. Bf4 Ncxd4 18. Qd1 Nxf3+ 19. gxf3 e5 20. Bg3
Rfc8 21. Nc3 d4 22. Qb3+ Kg7 23. Rad1 Qc6 24. Ne4 Qc4 25. Qxc4 Rxc4 26. Rd2 h5
27. f4 Nxg3 28. fxg3 Rc2 29. fxe5 Bxe5 30. Rff2 Rc1+ 31. Kg2 Re1 32. Ng5 Bf6
33. Nf3 1/2-1/2

[Event "OSEM 2019"]
[Site "Oberviechtach"]
[Date "2019.04.13"]
[Round "1.13"]
[White "Gold, Florian"]
[Black "Brassat, Jürgen"]
[Result "1-0"]
[WhiteElo "1710"]
[BlackElo "1798"]
[PlyCount "41"]
[EventDate "2019.??.??"]
[WhiteTeam "SK Kelheim"]
[BlackTeam "SC Bavaria Regensburg von 1881"]

1. e4 c5 2. Nc3 d6 3. g3 Nc6 4. Bg2 g6 5. d3 e6 6. Be3 Bg7 7. Qd2 Bd7 8. f4
Nge7 9. Nf3 Rb8 10. O-O b6 11. Ng5 O-O 12. g4 Bd4 13. Nb5 Bxe3+ 14. Qxe3 Bc8
15. Qh3 h5 16. gxh5 e5 17. Qh4 Kg7 18. h6+ Kh8 19. fxe5 Nxe5 20. Nxf7+ Nxf7 21.
Qf6+ 1-0

[Event "OSEM 2019"]
[Site "Oberviechtach"]
[Date "2019.04.13"]
[Round "1.14"]
[White "Forster, Stefan"]
[Black "Brüll, Martin"]
[Result "0-1"]
[WhiteElo "1665"]
[BlackElo "1782"]
[PlyCount "62"]
[EventDate "2019.??.??"]
[WhiteTeam "ASV Burglengenfeld"]
[BlackTeam "SC Bavaria Regensburg von 1881"]

1. d4 Nf6 2. Nf3 g6 3. c4 Bg7 4. g3 c5 5. Nc3 cxd4 6. Nxd4 Qc7 7. Qa4 Na6 8.
Bg2 Ng4 9. Ndb5 Qb6 10. O-O O-O 11. c5 Qe6 12. Bd5 Qf5 13. Bf3 Ne5 14. Bg2 Nxc5
15. Qb4 Nc6 16. Bxc6 dxc6 17. Nd4 Qh5 18. Be3 a5 19. Qb6 Nd7 20. Qb3 Ne5 21. f3
Bh3 22. Rf2 b5 23. Ne4 a4 24. Qb4 Nc4 25. Bg5 Bxd4 26. Bxe7 Qf5 27. e3 Bxe3 28.
Nf6+ Kg7 29. Qc3 Bxf2+ 30. Kxf2 Qe5 31. Qd3 Qxe7 0-1

[Event "OSEM 2019"]
[Site "Oberviechtach"]
[Date "2019.04.13"]
[Round "1.15"]
[White "Stöckl, Maximilian"]
[Black "Isert, Fabian"]
[Result "1-0"]
[WhiteElo "1738"]
[BlackElo "1935"]
[PlyCount "55"]
[EventDate "2019.??.??"]
[WhiteTeam "SK Schwandorf"]
[BlackTeam "SC Bavaria Regensburg von 1881"]

1. d4 d5 2. c4 e6 3. Nc3 Bb4 4. Nf3 Nf6 5. Bg5 dxc4 6. e4 c5 7. Bxf6 gxf6 8.
Bxc4 cxd4 9. Nxd4 Qa5 10. Nde2 Bd7 11. O-O Nc6 12. a3 Be7 13. Rc1 Rg8 14. Ng3
a6 15. Qd2 Ne5 16. Be2 Rd8 17. Qh6 Ng6 18. Nh5 Bc6 19. Rfd1 Rxd1+ 20. Rxd1 Bd8
21. Qxh7 Rh8 22. Qg7 Bc7 23. Nxf6+ Ke7 24. Ng8+ Ke8 25. Nh6 Rf8 26. Nxf7 Nf4
27. Ng5 Nxe2+ 28. Nxe2 1-0

[Event "OSEM 2019"]
[Site "Oberviechtach"]
[Date "2019.04.13"]
[Round "1.16"]
[White "Karner, Carl-Philipp"]
[Black "Stark, Martin"]
[Result "1/2-1/2"]
[WhiteElo "1505"]
[BlackElo "1817"]
[PlyCount "73"]
[EventDate "2019.??.??"]
[WhiteTeam "ASV Burglengenfeld"]
[BlackTeam "SF Luhe-Wildenau"]

1. e4 c6 2. d4 d5 3. e5 Bf5 4. Bd3 Bxd3 5. Qxd3 e6 6. f4 Ne7 7. Ne2 Nd7 8. Ng3
c5 9. dxc5 Qa5+ 10. Bd2 Qxc5 11. Be3 Qc7 12. O-O g6 13. Nd2 Nc6 14. c3 Bc5 15.
Bxc5 Nxc5 16. Qb5 b6 17. Nb3 a6 18. Qe2 O-O 19. Nd4 b5 20. Qg4 Ne7 21. f5 exf5
22. Ndxf5 Nxf5 23. Nxf5 Qxe5 24. Rae1 Ne4 25. Nh6+ Kg7 26. Nf5+ Kh8 27. Ng3 f5
28. Qd1 Rad8 29. Ne2 Qd6 30. Qd4+ Qf6 31. Rd1 Qxd4+ 32. Rxd4 Rf6 33. Rfd1 Rfd6
34. Nf4 Nf6 35. Re1 Ne4 36. Red1 Nf6 37. Re1 1/2-1/2

[Event "OSEM 2019"]
[Site "Oberviechtach"]
[Date "2019.04.13"]
[Round "1.17"]
[White "Pilhöfer, Lukas"]
[Black "Preischl, Manfred"]
[Result "1-0"]
[WhiteElo "1614"]
[BlackElo "1489"]
[PlyCount "58"]
[EventDate "2019.??.??"]
[WhiteTeam "SC Sulzbach-Rosenberg"]
[BlackTeam "TSV Nittenau"]

1. d4 d5 2. c4 c6 3. Nc3 e6 4. Bf4 Bd6 5. Bxd6 Qxd6 6. Nf3 Nf6 7. e3 Nbd7 8.
Bd3 e5 9. dxe5 Nxe5 10. Nxe5 Qxe5 11. O-O O-O 12. cxd5 cxd5 13. h3 Be6 14. Rc1
Ne4 15. Bxe4 dxe4 16. Qa4 f5 17. Ne2 Qxb2 18. Rc2 Qe5 19. Rfc1 b5 20. Qa6 Bc4
21. Nd4 Qf6 22. Qa5 Qb6 23. Qb4 a5 24. Qb2 Rab8 25. a4 Qf6 26. axb5 Bd3 27. Rc6
Qe7 28. Rc7 Qb4 29. Rxg7+ Kh8 1-0

[Event "OSEM 2019"]
[Site "Oberviechtach"]
[Date "2019.04.13"]
[Round "1.18"]
[White "Adlhoch, Walter"]
[Black "Jobst, Thomas"]
[Result "1/2-1/2"]
[WhiteElo "1534"]
[BlackElo "1862"]
[PlyCount "114"]
[EventDate "2019.??.??"]
[WhiteTeam "SK Schwandorf"]
[BlackTeam "SC Bavaria Regensburg von 1881"]

1. c4 Nf6 2. Nc3 d5 3. cxd5 Nxd5 4. g3 g6 5. Bg2 Nb6 6. Nf3 Bg7 7. O-O O-O 8.
d3 c6 9. Qc2 Na6 10. a3 Nc7 11. b4 Re8 12. Bb2 e5 13. Rac1 Be6 14. Rfd1 f5 15.
e3 Qd7 16. Na4 Nxa4 17. Qxa4 Bd5 18. Qc2 Qf7 19. Ng5 Qf6 20. Bxd5+ Nxd5 21. Nf3
Qf7 22. Ng5 Qe7 23. Nf3 Nc7 24. Qc4+ Kh8 25. a4 a6 26. Qc5 h6 27. Qxe7 Rxe7 28.
Nd2 Rf7 29. Nc4 Nd5 30. Nxe5 Bxe5 31. Bxe5+ Kg8 32. Rb1 Re8 33. Bd4 g5 34. b5
axb5 35. axb5 c5 36. Bb2 f4 37. e4 Nc7 38. b6 Na6 39. Ba3 fxg3 40. hxg3 Re6 41.
Rdc1 Rf3 42. Rc3 c4 43. Rxc4 Rxd3 44. Bc5 Rc6 45. Rb5 Rd8 46. Rd4 Re8 47. Bd6
Re6 48. e5 Kf7 49. Ra4 Re8 50. f4 gxf4 51. Rxf4+ Kg7 52. Kh2 Nb8 53. Bxb8 Rxb8
54. Kh3 Re8 55. Kh4 Rce6 56. Rd5 Rxb6 57. Rd7+ Kg8 1/2-1/2

[Event "OSEM 2019"]
[Site "Oberviechtach"]
[Date "2019.04.13"]
[Round "2.1"]
[White "Achhammer, Thomas"]
[Black "Blodig, Martin"]
[Result "1/2-1/2"]
[WhiteElo "1860"]
[BlackElo "1841"]
[PlyCount "89"]
[EventDate "2019.??.??"]
[WhiteTeam "FC Mintraching"]
[BlackTeam "SK Kelheim"]

1. e4 e5 2. Nf3 Nc6 3. d4 exd4 4. c3 dxc3 5. Nxc3 Bb4 6. Bc4 Bxc3+ 7. bxc3 Nge7
8. O-O O-O 9. Bg5 Qe8 10. e5 h6 11. Bf4 Ng6 12. Bg3 Qe7 13. Re1 Kh8 14. Qd3 b6
15. h4 Re8 16. h5 Nf8 17. Bh4 Qc5 18. Bxf7 Nxe5 19. Nxe5 Rxe5 20. Rxe5 Qxe5 21.
Qf3 Rb8 22. Bg3 Qc5 23. Re1 Bb7 24. Qg4 Qxc3 25. Re7 d6 26. Kh2 Rc8 27. Bd5 c6
28. Bxd6 Qf6 29. Rxb7 Qxd6+ 30. g3 Rc7 31. Rxc7 Qxc7 32. Bb3 Nd7 33. Qg6 Nf6
34. Qf5 a6 35. f4 c5 36. g4 c4 37. Bc2 b5 38. Kh3 Qd7 39. Qg6 Qd2 40. Qf5 Qe3+
41. Kg2 b4 42. g5 hxg5 43. fxg5 Qe2+ 44. Kg3 Qe1+ 45. Kg2 1/2-1/2

[Event "OSEM 2019"]
[Site "Oberviechtach"]
[Date "2019.04.13"]
[Round "2.2"]
[White "Hadzhimustafa, Erkan"]
[Black "Gold, Florian"]
[Result "1-0"]
[WhiteElo "1879"]
[BlackElo "1710"]
[PlyCount "67"]
[EventDate "2019.??.??"]
[WhiteTeam "SC Bavaria Regensburg von 1881"]
[BlackTeam "SK Kelheim"]

1. e4 e5 2. Nf3 Nc6 3. Bb5 Bc5 4. Nxe5 Nd4 5. Nxf7 Qf6 6. Nxh8 Nxb5 7. Qh5+ g6
8. Qxc5 c6 9. a4 d6 10. Qe3 Nd4 11. Na3 Be6 12. Nxg6 hxg6 13. O-O O-O-O 14. d3
Ne7 15. Bd2 c5 16. Bc3 Nec6 17. f4 Rh8 18. Rf2 Bg4 19. g3 Rh3 20. Bxd4 Nxd4 21.
c3 Ne6 22. Nb5 Ng7 23. e5 Qe7 24. Nxd6+ Kb8 25. Re1 Nh5 26. Rg2 Bd7 27. Ne4 Bc6
28. Qxc5 Qe8 29. Qd6+ Ka8 30. Ng5 Bxg2 31. Kxg2 Nxf4+ 32. gxf4 Rh4 33. Kg3 Qh8
34. Qf6 1-0

[Event "OSEM 2019"]
[Site "Oberviechtach"]
[Date "2019.04.13"]
[Round "2.3"]
[White "Brüll, Martin"]
[Black "Nöckler, Alexander"]
[Result "1-0"]
[WhiteElo "1782"]
[BlackElo "1891"]
[PlyCount "47"]
[EventDate "2019.??.??"]
[WhiteTeam "SC Bavaria Regensburg von 1881"]
[BlackTeam "SK Weiden"]

1. e4 c5 2. Nf3 d6 3. d4 cxd4 4. Nxd4 Nf6 5. Nc3 a6 6. Qf3 e6 7. Be3 Be7 8.
O-O-O Qc7 9. Qg3 O-O 10. f4 Rd8 11. f5 e5 12. Nf3 b5 13. Bh6 Bf8 14. Bg5 Kh8
15. Bxf6 gxf6 16. Nd5 Bh6+ 17. Kb1 Qc6 18. Qh4 Bg5 19. Nxg5 fxg5 20. Qxg5 Rg8
21. Qf6+ Rg7 22. Rd3 Nd7 23. Qd8+ Rg8 24. Qxg8+ 1-0

[Event "OSEM 2019"]
[Site "Oberviechtach"]
[Date "2019.04.13"]
[Round "2.4"]
[White "Ott, Ian"]
[Black "Stöckl, Maximilian"]
[Result "1-0"]
[WhiteElo "1818"]
[BlackElo "1738"]
[PlyCount "99"]
[EventDate "2019.??.??"]
[WhiteTeam "SC Bavaria Regensburg von 1881"]
[BlackTeam "SK Schwandorf"]

1. e4 c5 2. Nf3 Nc6 3. d4 cxd4 4. Nxd4 g6 5. Be3 Bg7 6. Nc3 Nf6 7. Be2 O-O 8.
O-O d5 9. exd5 Nxd5 10. Nxd5 Qxd5 11. Bf3 Qd7 12. Nxc6 bxc6 13. Qxd7 Bxd7 14.
Rad1 Bf5 15. c3 Rfc8 16. Rd2 Be6 17. b3 Bxc3 18. Rc2 Bf6 19. Bxc6 Bd7 20. Rfc1
Bxc6 21. Rxc6 Rxc6 22. Rxc6 a6 23. Kf1 Be5 24. Ke2 Kf8 25. f4 Bd6 26. h3 Ke8
27. Rc4 Kd7 28. Kd3 a5 29. Bc5 a4 30. b4 Rb8 31. a3 Rb5 32. Bxd6 Kxd6 33. Rd4+
Kc6 34. Rc4+ Kd6 35. Rd4+ Kc6 36. Re4 e6 37. g4 Rd5+ 38. Rd4 f6 39. Kc4 Rb5 40.
Rd6+ Kxd6 41. Kxb5 Kd5 42. Kxa4 e5 43. fxe5 fxe5 44. Kb3 h5 45. b5 hxg4 46.
hxg4 e4 47. Kc3 g5 48. Kd2 Ke5 49. Ke3 Kd5 50. a4 1-0

[Event "OSEM 2019"]
[Site "Oberviechtach"]
[Date "2019.04.13"]
[Round "2.5"]
[White "Pilhöfer, Lukas"]
[Black "Sanner, Christoph"]
[Result "1-0"]
[WhiteElo "1614"]
[BlackElo "1860"]
[PlyCount "55"]
[EventDate "2019.??.??"]
[WhiteTeam "SC Sulzbach-Rosenberg"]
[BlackTeam "SK Weiden"]

1. d4 f5 2. e4 fxe4 3. Nc3 Nf6 4. Bg5 Nc6 5. d5 Ne5 6. Bxf6 exf6 7. Nxe4 f5 8.
Qd4 Qe7 9. O-O-O fxe4 10. f4 Ng4 11. Re1 Nf6 12. Bc4 Qc5 13. Qe5+ Be7 14. Bb3
O-O 15. d6+ Nd5 16. Bxd5+ Kh8 17. Qxe7 Qxd6 18. Qxd6 cxd6 19. Rxe4 a5 20. Nf3
a4 21. Rhe1 g6 22. Re8 Rxe8 23. Rxe8+ Kg7 24. Re7+ Kf8 25. Rxh7 Ra5 26. c4 Rc5
27. Nh4 Ke8 28. Nxg6 1-0

[Event "OSEM 2019"]
[Site "Oberviechtach"]
[Date "2019.04.13"]
[Round "2.6"]
[White "Vinogradov, Anatoli"]
[Black "Landstorfer, Raphael"]
[Result "1/2-1/2"]
[WhiteElo "1782"]
[BlackElo "1863"]
[PlyCount "84"]
[EventDate "2019.??.??"]
[WhiteTeam "DJK Amberg"]
[BlackTeam "TSV Kareth-Lappersdorf"]

1. d4 d5 2. c4 c6 3. Nf3 Nf6 4. Bf4 dxc4 5. Nc3 b5 6. a4 b4 7. Na2 e6 8. e3 Ba6
9. Bxb8 Rxb8 10. Ne5 Qc7 11. Bxc4 Bxc4 12. Nxc4 c5 13. dxc5 Bxc5 14. O-O O-O
15. Nc1 Be7 16. Qb3 Rfc8 17. Nd2 Ng4 18. g3 Qc2 19. Nf3 Bf6 20. Nd4 Bxd4 21.
exd4 Nf6 22. Qxc2 Rxc2 23. Nd3 b3 24. Rac1 g6 25. Rxc2 bxc2 26. Rc1 Rb3 27. Ne1
Rxb2 28. Rxc2 Rb4 29. Nf3 Rxa4 30. Kf1 Nd5 31. Ke2 a5 32. Rc8+ Kg7 33. Kd2 Kf6
34. h4 Rb4 35. Ra8 a4 36. Ra7 h6 37. Kd3 Rb3+ 38. Ke4 a3 39. Ne5 Nc3+ 40. Kf4
Ne2+ 41. Ke4 Nc3+ 42. Kf4 Ne2+ 1/2-1/2

[Event "OSEM 2019"]
[Site "Oberviechtach"]
[Date "2019.04.13"]
[Round "2.7"]
[White "Wiesgickl, Gerhard"]
[Black "Gleis, Wolfgang"]
[Result "1/2-1/2"]
[WhiteElo "1919"]
[BlackElo "1586"]
[PlyCount "48"]
[EventDate "2019.??.??"]
[WhiteTeam "DJK Amberg"]
[BlackTeam "SF Tegernheim"]

1. Nf3 Nf6 2. b3 g6 3. Bb2 Bg7 4. Nc3 O-O 5. d4 d5 6. e3 c6 7. Bd3 Nbd7 8. Qd2
Ne8 9. h4 e5 10. dxe5 Nxe5 11. Nxe5 Bxe5 12. O-O-O b5 13. h5 Nf6 14. hxg6 fxg6
15. f4 Bd6 16. g4 Qe7 17. Kb1 Bc5 18. f5 Bxe3 19. Qe2 Bb7 20. fxg6 hxg6 21.
Bxg6 d4 22. Ne4 c5 23. Qh2 Qg7 24. Bf5 Bxe4 1/2-1/2

[Event "OSEM 2019"]
[Site "Oberviechtach"]
[Date "2019.04.13"]
[Round "2.8"]
[White "Jobst, Thomas"]
[Black "Riedl, Maximilian"]
[Result "1-0"]
[WhiteElo "1862"]
[BlackElo "1907"]
[PlyCount "168"]
[EventDate "2019.??.??"]
[WhiteTeam "SC Bavaria Regensburg von 1881"]
[BlackTeam "SC Furth Waldmünchen"]

1. c4 e5 2. g3 Nf6 3. Bg2 c6 4. d4 Bb4+ 5. Nc3 exd4 6. Qxd4 O-O 7. Bg5 Be7 8.
Nf3 Na6 9. O-O Nc7 10. Qd2 Ne6 11. Bxf6 Bxf6 12. Ne4 Be7 13. Nd6 Qc7 14. Rfd1
Bxd6 15. Qxd6 Qb6 16. Rd2 Qc5 17. Rc1 Qxd6 18. Rxd6 f6 19. b4 Nc7 20. Nd4 Ne8
21. Nf5 Nxd6 22. Nxd6 f5 23. e3 a5 24. b5 a4 25. a3 g6 26. b6 Kg7 27. c5 Kf6
28. Bf1 Ke7 29. Rc4 Rf6 30. Rd4 Kd8 31. Nc4 d5 32. cxd6 Be6 33. Ne5 Ra5 34. f4
Bd7 35. Bc4 Kc8 36. Kf2 Rf8 37. Kf3 g5 38. h3 h5 39. Ng6 g4+ 40. hxg4 hxg4+ 41.
Kg2 Rf6 42. Ne5 Rf8 43. Ng6 Re8 44. Ne7+ Kd8 45. Kf2 Rh8 46. Kg2 Re8 47. Kg1
Rh8 48. Kg2 Rh6 49. Kg1 Rc5 50. Ng8 Rh3 51. Kg2 Rxc4 52. Rxc4 Be6 53. Rxa4 Bd5+
54. Kf1 Kd7 55. Nf6+ Kxd6 56. Nxd5 cxd5 57. Kg2 Rh8 58. Rb4 Rc8 59. a4 Rc2+ 60.
Kf1 Ra2 61. Rd4 Rb2 62. a5 Ra2 63. Ke1 Rxa5 64. Rb4 Ra2 65. Kf1 Kc5 66. Rb1 Rc2
67. Rb3 Kc4 68. Rb1 Kd3 69. Rd1+ Ke4 70. Rd4+ Kf3 71. Ke1 Rc5 72. Rd3 Ke4 73.
Ra3 Rb5 74. Ra8 Kxe3 75. Re8+ Kf3 76. Re5 Kxg3 77. Rxf5 Kf3 78. Rf6 g3 79. f5
g2 80. Rg6 d4 81. f6 Rf5 82. Kd2 Kf2 83. Kd3 g1=Q 84. Rxg1 Kxg1 1-0

[Event "OSEM 2019"]
[Site "Oberviechtach"]
[Date "2019.04.13"]
[Round "2.9"]
[White "Brüll, Elias"]
[Black "Karner, Carl-Philipp"]
[Result "1-0"]
[WhiteElo "1815"]
[BlackElo "1505"]
[PlyCount "77"]
[EventDate "2019.??.??"]
[WhiteTeam "SC Bavaria Regensburg von 1881"]
[BlackTeam "ASV Burglengenfeld"]

1. e4 e6 2. d3 d5 3. Nd2 c5 4. Ngf3 Nc6 5. g3 Nf6 6. Bg2 Be7 7. O-O O-O 8. Re1
Qc7 9. Nf1 b6 10. e5 Nd7 11. Bf4 Qd8 12. h4 f6 13. exf6 Nxf6 14. Ng5 e5 15.
Bxe5 Nxe5 16. Rxe5 Bb7 17. Qe2 Bd6 18. Ne6 Qb8 19. Re3 d4 20. Bxb7 Qxb7 21. Qf3
Nd5 22. Nxf8 Rxf8 23. Qe4 Rf7 24. Ree1 Nb4 25. Qxb7 Rxb7 26. Rec1 Re7 27. a3
Nc6 28. Re1 Ne5 29. Nd2 Rf7 30. Re4 h6 31. Rae1 Kh7 32. Rxe5 Bxe5 33. Rxe5 Kg6
34. Ne4 Kh7 35. h5 g6 36. hxg6+ Kxg6 37. Re6+ Kg7 38. Kg2 Kh7 39. f4 1-0

[Event "OSEM 2019"]
[Site "Oberviechtach"]
[Date "2019.04.13"]
[Round "2.10"]
[White "Stark, Martin"]
[Black "Achhammer, Michael"]
[Result "1-0"]
[WhiteElo "1817"]
[BlackElo "1580"]
[PlyCount "80"]
[EventDate "2019.??.??"]
[WhiteTeam "SF Luhe-Wildenau"]
[BlackTeam "FC Mintraching"]

1. d4 c6 2. Nf3 d5 3. e3 Bg4 4. h3 Bxf3 5. Qxf3 e6 6. Bd3 Nf6 7. Nd2 Be7 8. c3
Nbd7 9. e4 Nxe4 10. Nxe4 dxe4 11. Bxe4 Qc7 12. O-O g5 13. Qg3 O-O-O 14. Qxc7+
Kxc7 15. f4 f5 16. Bc2 Rdg8 17. fxg5 Bxg5 18. Bf4+ Bxf4 19. Rxf4 Rg3 20. Rf3
Rxf3 21. gxf3 f4 22. Kf2 Nf6 23. Rg1 Rd8 24. Bb3 c5 25. Rg7+ Rd7 26. Rxd7+ Kxd7
27. dxc5 e5 28. Bc4 Kc7 29. Ke2 Kc6 30. b4 h6 31. Kd3 h5 32. h4 a6 33. a4 Kc7
34. Bf7 Kc6 35. Kc4 b6 36. cxb6 Kxb6 37. Kd3 a5 38. Bg6 axb4 39. cxb4 Nd5 40.
Bxh5 Nxb4+ 1-0

[Event "OSEM 2019"]
[Site "Oberviechtach"]
[Date "2019.04.13"]
[Round "2.11"]
[White "Bauer, Peter"]
[Black "Heipeck, Jan"]
[Result "0-1"]
[WhiteElo "1595"]
[BlackElo "1495"]
[PlyCount "96"]
[EventDate "2019.??.??"]
[WhiteTeam "SV OVI"]
[BlackTeam "FC Mintraching"]

1. d4 Nf6 2. Nf3 g6 3. h3 Bg7 4. Bg5 h6 5. Bf4 O-O 6. Nc3 d6 7. e3 Nbd7 8. Bd3
Qe8 9. Nb5 Qd8 10. c3 c6 11. Na3 Qe8 12. Bh2 Kh8 13. Nc4 a5 14. O-O b5 15. Ncd2
e5 16. dxe5 dxe5 17. e4 Nh7 18. Nh4 Qe7 19. Bg3 Nc5 20. Bc2 Ne6 21. Qe2 Ba6 22.
Qe3 Rad8 23. Rfd1 Nf4 24. Bxf4 Qxh4 25. Bg3 Qe7 26. Nf3 Bc8 27. Qb6 f5 28. Qxc6
f4 29. Bh2 g5 30. Qxb5 g4 31. hxg4 Bxg4 32. Qf1 Bxf3 33. gxf3 Rg8 34. Qh3 Rb8
35. Bb3 Ng5 36. Qh5 Rgf8 37. Rd2 Qa7 38. Rad1 a4 39. Bc4 Qc5 40. Be2 Rb6 41.
Qg4 Rg6 42. Kf1 Nxe4 43. fxe4 Rxg4 44. Bxg4 Bf6 45. Bg1 Qc4+ 46. Be2 Qxe4 47.
Rd3 Rg8 48. Bf3 Qg6 0-1

[Event "OSEM 2019"]
[Site "Oberviechtach"]
[Date "2019.04.13"]
[Round "2.12"]
[White "Moroz, Grigorij"]
[Black "Adlhoch, Walter"]
[Result "1/2-1/2"]
[WhiteElo "1924"]
[BlackElo "1534"]
[PlyCount "65"]
[EventDate "2019.??.??"]
[WhiteTeam "SK Weiden"]
[BlackTeam "SK Schwandorf"]

1. e4 c5 2. Nf3 d6 3. d4 cxd4 4. Nxd4 Nf6 5. Nc3 Nc6 6. Be2 Bd7 7. O-O g6 8.
Be3 Bg7 9. Nb3 O-O 10. f4 Rc8 11. Bf3 a6 12. Na4 b5 13. Nb6 Rc7 14. Nxd7 Nxd7
15. Rb1 b4 16. Rf2 a5 17. Nd4 Nxd4 18. Bxd4 Bxd4 19. Qxd4 Qc8 20. Bg4 Rd8 21.
Bxd7 Rdxd7 22. Qd3 Rc5 23. Rd1 Rdc7 24. Rdd2 Qe6 25. b3 Rc3 26. Qd4 Qc8 27. e5
dxe5 28. Qxe5 Rxc2 29. Rxc2 Rxc2 30. Rxc2 Qxc2 31. Qb8+ Kg7 32. Qe5+ Kg8 33.
Qb8+ 1/2-1/2

[Event "OSEM 2019"]
[Site "Oberviechtach"]
[Date "2019.04.13"]
[Round "2.13"]
[White "Kaltschmidt, Andreas"]
[Black "Horther-Schneider, Elsbeth"]
[Result "1/2-1/2"]
[WhiteElo "1670"]
[BlackElo "1851"]
[PlyCount "64"]
[EventDate "2019.??.??"]
[WhiteTeam "SK Weiden"]
[BlackTeam "SC Windischeschenbach"]

1. e4 e6 2. d4 d5 3. Nc3 dxe4 4. Nxe4 Nf6 5. Bg5 Be7 6. Nxf6+ Bxf6 7. Bxf6 Qxf6
8. Nf3 O-O 9. Be2 c5 10. c3 Rd8 11. Qb3 cxd4 12. Nxd4 Nd7 13. O-O e5 14. Nc2
Nc5 15. Qc4 b6 16. Rfd1 Be6 17. Qb4 Rab8 18. c4 Ne4 19. Qe1 Rbc8 20. Ne3 Qg5
21. Rxd8+ Rxd8 22. Rd1 h6 23. Bf3 Nc5 24. Bd5 e4 25. Bxe6 Nxe6 26. Rxd8+ Qxd8
27. Nd5 f5 28. f3 Nc5 29. fxe4 Nxe4 30. g3 Qd6 31. Kg2 Qe5 32. Qe2 Qe8 1/2-1/2

[Event "OSEM 2019"]
[Site "Oberviechtach"]
[Date "2019.04.13"]
[Round "2.14"]
[White "Baumer, Johannes"]
[Black "Askri, Samir"]
[Result "0-1"]
[WhiteElo "1734"]
[BlackElo "1712"]
[PlyCount "82"]
[EventDate "2019.??.??"]
[WhiteTeam "SV OVI"]
[BlackTeam "DJK Amberg"]

1. d4 Nf6 2. e3 g6 3. Bd3 Bg7 4. c3 O-O 5. Nd2 d6 6. Ngf3 Nbd7 7. O-O e5 8. e4
c6 9. b3 c5 10. Nc4 Qc7 11. d5 Ne8 12. Nh4 Qd8 13. g3 Ndf6 14. f4 exf4 15. Bxf4
Nh5 16. Bd2 b5 17. Ne3 b4 18. Rc1 bxc3 19. Bxc3 Bxc3 20. Rxc3 Qg5 21. Qf3 Qe5
22. Rcc1 Nhf6 23. Qf4 Qd4 24. Bb5 Qxe4 25. Bxe8 Rxe8 26. Qxf6 Qxe3+ 27. Kh1
Qe4+ 28. Ng2 Qxd5 29. Rcd1 Qe6 30. Rxd6 Qxf6 31. Rdxf6 Bf5 32. Nf4 Rad8 33. Kg2
Be4+ 34. Kh3 Rd2 35. Re1 Bf5+ 36. Rxf5 Rxe1 37. Rxc5 Rxa2 38. g4 Re3+ 39. Kh4
Rxh2+ 40. Kg5 h6+ 41. Kf6 Rf2 0-1

[Event "OSEM 2019"]
[Site "Oberviechtach"]
[Date "2019.04.13"]
[Round "2.15"]
[White "Brassat, Jürgen"]
[Black "Anton, Claudiu-George"]
[Result "0-1"]
[WhiteElo "1798"]
[BlackElo "1722"]
[PlyCount "59"]
[EventDate "2019.??.??"]
[WhiteTeam "SC Bavaria Regensburg von 1881"]
[BlackTeam "TV Parsberg"]

1. d4 f5 2. Nf3 e6 3. c4 d5 4. g3 c6 5. Bg2 Bd6 6. O-O Nf6 7. b3 Qe7 8. Bb2
Nbd7 9. Ne5 O-O 10. Nd2 Ne4 11. f3 Nxe5 12. fxe4 Ng4 13. e5 Bb4 14. Rf3 Qg5 15.
Nf1 h5 16. Bc1 Qg6 17. a3 Be7 18. h3 Nh6 19. Bf4 Nf7 20. h4 Bd7 21. c5 Kh8 22.
Nh2 Rg8 23. Rc3 Qh7 24. Nf3 g5 25. hxg5 Nxg5 26. Nxg5 Bxg5 27. Kf2 Bxf4 28.
gxf4 Rg4 29. e3 Rag8 30. Qh1 0-1

[Event "OSEM 2019"]
[Site "Oberviechtach"]
[Date "2019.04.13"]
[Round "2.16"]
[White "Fröhlich, Manuel"]
[Black "Isert, Fabian"]
[Result "1-0"]
[WhiteElo "1652"]
[BlackElo "1935"]
[PlyCount "51"]
[EventDate "2019.??.??"]
[WhiteTeam "SV OVI"]
[BlackTeam "SC Bavaria Regensburg von 1881"]

1. d4 d5 2. c4 e6 3. Nc3 Bb4 4. Bd2 Nf6 5. a3 Be7 6. Nf3 O-O 7. e3 b6 8. b4 Ba6
9. Qb3 Nbd7 10. cxd5 Bxf1 11. Rxf1 exd5 12. Nxd5 Bd6 13. Nxf6+ Qxf6 14. Rc1 Qg6
15. Rg1 c5 16. bxc5 bxc5 17. Qb5 Rfd8 18. Ba5 Rab8 19. Qc4 Rdc8 20. d5 Nf6 21.
g3 Qh5 22. Ke2 Rb2+ 23. Rc2 Rxc2+ 24. Qxc2 Nxd5 25. Qe4 Bf8 26. g4 1-0

[Event "OSEM 2019"]
[Site "Oberviechtach"]
[Date "2019.04.13"]
[Round "2.17"]
[White "Wetzler, Sophia"]
[Black "Forster, Stefan"]
[Result "0-1"]
[WhiteElo "1682"]
[BlackElo "1665"]
[PlyCount "68"]
[EventDate "2019.??.??"]
[WhiteTeam "SC Bavaria Regensburg von 1881"]
[BlackTeam "ASV Burglengenfeld"]

1. e4 e6 2. d4 d5 3. exd5 exd5 4. Nf3 Bd6 5. Bd3 Bg4 6. Nc3 c6 7. Qe2+ Qe7 8.
Be3 Nd7 9. O-O-O O-O-O 10. Rhe1 Ngf6 11. h3 Bh5 12. Kb1 Rhe8 13. g4 Bg6 14. Qf1
Ne4 15. Ne2 Qf6 16. Qg2 h6 17. Ka1 Nb6 18. Nd2 Nxd2 19. Rxd2 Bb4 20. c3 Bxd3
21. Rxd3 Bd6 22. Rdd1 Nc4 23. Bc1 Re6 24. Ng3 Rde8 25. Qf1 Rxe1 26. Rxe1 Rxe1
27. Qxe1 Bxg3 28. fxg3 Kd7 29. h4 g5 30. hxg5 hxg5 31. Qd1 Nd6 32. a3 Ne4 33.
Qe1 Qf3 34. Qe3 Qxg4 0-1

[Event "OSEM 2019"]
[Site "Oberviechtach"]
[Date "2019.04.13"]
[Round "2.18"]
[White "Preischl, Manfred"]
[Black "Baumüller, Steffen"]
[Result "1/2-1/2"]
[WhiteElo "1489"]
[BlackElo "1690"]
[PlyCount "51"]
[EventDate "2019.??.??"]
[WhiteTeam "TSV Nittenau"]
[BlackTeam "DJK Amberg"]

1. c4 Nf6 2. g3 g6 3. Bg2 Bg7 4. Nc3 d6 5. e4 O-O 6. Nge2 e5 7. h3 Nc6 8. O-O
Nd4 9. d3 c6 10. f4 Qc7 11. Be3 Nxe2+ 12. Qxe2 exf4 13. Bxf4 Nh5 14. Qd2 Nxf4
15. gxf4 f5 16. Rae1 Bd4+ 17. Kh1 Bd7 18. Ne2 Bg7 19. Ng3 a5 20. exf5 Bxf5 21.
Nxf5 Rxf5 22. Re2 Raf8 23. Be4 R5f7 24. Qe3 Bh6 25. Ref2 Qe7 26. Qg3 1/2-1/2